Catalog

Record Details

Catalog Search



Available copies

  • 1 of 1 copy available at LARL/NWRL Consortium.
  • 1 of 1 copy available at Lake Agassiz Regional Library. (Show preferred library)

Current holds

0 current holds with 1 total copy.

Show All Copies
Location Call Number / Copy Notes Barcode Shelving Location Status Due Date
Moorhead Public Library AND (Text) 33500011000726 Main Available -

Record details

  • ISBN: 9780345534095 (pbk.)
  • ISBN: 0345534093 (pbk.)
  • Physical Description: 328 pages; 21 cm.
  • Publisher: New York : Ballantine Books Trade Paperbacks, 2013.

Content descriptions

General Note:
"A Ballantine Books Trade Paperback Original."
Summary, etc.:
Just seventeen years old, Henry IX, known as ... Read More
Subject: Anne Boleyn, Queen, consort of Henry VIII, King of England, 1507-1536 > Fiction.
Henry VIII, King of England, 1491-1547 > Fiction.
Great Britain > History > Henry VIII, 1509-1547 > Fiction.
Genre: Regency fiction.
LDR 02344cam a22004338i 4500
001152648
003LARL_NWRL_CONSORTIUM
00520130516112117.0
008130322s2013 nyu 000 1 eng
010 . ‡a2013004505
020 . ‡a9780345534095 (pbk.)
020 . ‡a0345534093 (pbk.)
020 . ‡z9780345534101 (ebook)
035 . ‡a(OCoLC)812781114
040 . ‡aDLC ‡beng ‡erda ‡cDLC ‡dYDXCP ‡dBTCTA ‡dBDX ‡dOCLCO ‡dIH9
042 . ‡apcc
05000. ‡aPS3601.N437 ‡bB65 2013
08200. ‡a813/.6 ‡223
1001 . ‡aAndersen, Laura.
24514. ‡aThe Boleyn King ‡n#1 / ‡cLaura Andersen.
260 . ‡aNew York : ‡bBallantine Books Trade Paperbacks, ‡c2013.
263 . ‡a1306
300 . ‡a328 pages; ‡c21 cm.
336 . ‡atext ‡2rdacontent
337 . ‡aunmediated ‡2rdamedia
338 . ‡avolume ‡2rdacarrier
4900 . ‡aBoleyn trilogy; ‡v1
500 . ‡a"A Ballantine Books Trade Paperback Original."
520 . ‡aJust seventeen years old, Henry IX, known as William, is a king bound by the restraints of the regency yet anxious to prove himself. With the French threatening battle and the Catholics sowing the seeds of rebellion at home, William trusts only three people: his older sister Elizabeth; his best friend and loyal counselor, Dominic; and Minuette, a young orphan raised as a royal ward by William's mother, Anne Boleyn. Against a tide of secrets, betrayal, and murder, William finds himself fighting for the very soul of his kingdom. Then, when he and Dominic both fall in love with Minuette, romantic obsession looms over a new generation of Tudors. One among them will pay the price for a king's desire, as a shocking twist of fate changes England's fortunes forever.
60000. ‡aAnne Boleyn, ‡cQueen, consort of Henry VIII, King of England, ‡d1507-1536 ‡vFiction.
60000. ‡aHenry ‡bVIII, ‡cKing of England, ‡d1491-1547 ‡vFiction.
651 0. ‡aGreat Britain ‡xHistory ‡yHenry VIII, 1509-1547 ‡vFiction. ‡0(LARL_NWRL_CONSORTIUM)163118
655 7. ‡aRegency fiction. ‡2gsafd
948 . ‡hNO HOLDINGS IN LAL - 97 OTHER HOLDINGS
994 . ‡aZ0 ‡bLAL
901 . ‡a152648 ‡bOCLC ‡c152648 ‡tbiblio

Additional Resources